000 01080nam a2200313 c 4500
003 BLK
005 20240301133127.0
008 180407b bul|||||r ||||||| ||bul||
010 _aKNG00034120000
020 _a954-8124-15-7
_bиздат.: Послание
040 _aBLK
041 _aBUL
_cBUL
080 _aФренска литература
_b821.133.1
_x-96
_z821.133.1-96
100 1 _aПаскал, Блез
_d1623-1662
_gФилософ, теолог, писател, математик, физик
_9106974
139 _aПаскал, Блез
_bП 25
245 1 0 _aРазсъждения за страстите на любовта
_cБлез Паскал.
246 1 1 _aDiscours sur les passions de l'amour
257 _aBGR
260 София
_bПослание
_c2000
300 _a80 с.
_c17 см
380 _aX
490 1 _aОтворено
_v326
852 _aЦб І 30186
856 4 _qpdf
_u
856 4 _qpdf
_u
942 _cKNG
_n0
944 _aCR
_c15.01.2003
_k30560
_lГеновева Генчева
944 _aED
_c15.01.2003
_k
999 _c31471
_d31471